000 00316nam a22001337a 4500
008 170427b xxu||||| |||| 00| 0 eng d
020 _a9780077334482
041 _aeng
080 _27 ED
_a54
100 _a12
101 _aSHM
245 _aCHEMISTRY IN CONTEXT LABORATORY MANUAL
_cTRIPP.J.A
942 _2udc
_cBK
999 _c12255
_d12255